000 00701nam a22002057a 4500
008 161001b xxu||||| |||| 00| 0 eng d
020 _a007471189X
082 _22001
_aDC 658.4
_bM31
245 _aManagement:
_ba pacific rim focus
_cBartol, Kathryn M. [and 3 others].
250 _a3rd edition
260 _aBeijing:
_bMcGraw-Hill,
_cc2001.
300 _axxxiii, 734 pages:
_billustrations;
_c24 cm.
500 _aIncludes bibliographical references and index
650 0 _915654
_aManagement
700 _915655
_aBartol, Kathryn
_eAuthor
700 _915656
_aTein, Margaret
_eAuthor
700 _915657
_aMatthews, Gharam
_eAuthor
700 _915658
_aMartin, David
_eAuthor
942 _2ddc
_cDC
999 _c4994
_d4994